000 00695nam a2200205 a 4500
005 20210219152852.0
008 991125n 000 0 spa u
035 _aUPN01000064301
222 _aEDUCACION :
_bREVISTA DEL CONSEJO NACIONAL TECNICO DE LA EDUCACION
245 _aANUIES : estudio sobre la demanda de educación de nivel medio superior : primer ingreso en el país y proposiciones para su solución
300 _a18-32
362 0 _a1973 Vol. 1, no. 3 sep.-oct.
653 0 _aBACHILLERATO
653 0 _aDEMANDA EDUCATIVA
653 0 _aEDUCACION SUPERIOR
653 0 _aESTADISTICAS EDUCATIVAS
653 0 _aESTUDIOS DE POSGRADO
904 _aAC
_b002112
905 _aArticulo
999 _c62523
_d62523